[Event "4NCL/Div2a/OXF1 vs. ANGA"]
[Site "Sunningdale ENG"]
[Date "2009.01.17"]
[Round "5.2"]
[White "Talsma, Paul A"]
[Black "Smallbone, Kieran"]
[Result "1/2-1/2"]
[WhiteElo "2269"]
[BlackElo "2237"]
[PlyCount "74"]
[EventDate "2009.01.17"]
[SourceDate "2008.10.04"]

1. d4 d5 2. c4 c6 3. Nf3 Nf6 4. Nc3 dxc4 5. a4 Bf5 6. Nh4 Bg4 7. h3 Bh5 8. g4
Bg6 9. Nxg6 hxg6 10. Bg2 Na6 11. e4 e5 12. dxe5 Qxd1+ 13. Nxd1 Nb4 14. O-O Nd7
15. e6 fxe6 16. Ne3 b5 17. e5 Rb8 18. Bd2 Nxe5 19. axb5 cxb5 20. Rxa7 Bc5 21.
Rxg7 Rf8 22. Be4 Nbd3 23. Bxg6+ Nxg6 24. Rxg6 Kd7 25. Nd1 b4 26. h4 Rf7 27. Kg2
Bd4 28. f4 Rbf8 29. f5 exf5 30. Bh6 Re8 31. Rxf5 Rxf5 32. gxf5 Re2+ 33. Kf3 Rh2
34. Ke4 Rxh4+ 35. Kd5 Nxb2 36. Nxb2 Bxb2 37. f6 Rh5+ 1/2-1/2

[Event "4NCL/Div2a/OXF1 vs. ANGA"]
[Site "Sunningdale ENG"]
[Date "2009.01.17"]
[Round "5.3"]
[White "White, Michael J R"]
[Black "Gray, Mark S"]
[Result "1-0"]
[WhiteElo "2252"]
[BlackElo "2138"]
[PlyCount "167"]
[EventDate "2009.01.17"]
[SourceDate "2008.10.04"]

1. e4 e5 2. Nf3 Nc6 3. d4 exd4 4. Nxd4 Bc5 5. Nxc6 Qf6 6. Qd2 dxc6 7. Nc3 Be6
8. Na4 Rd8 9. Bd3 Bd4 10. c3 Bxf2+ 11. Qxf2 Rxd3 12. Qxf6 Nxf6 13. Nc5 Rd8 14.
Nxb7 Rb8 15. Nc5 O-O 16. b4 Rfe8 17. O-O Nd7 18. Na6 Rbc8 19. Rd1 Nf6 20. Nc5
Rcd8 21. Rxd8 Rxd8 22. Bf4 Bc4 23. a4 h6 24. Bxc7 Re8 25. Re1 Nd5 26. Ba5 Nxc3
27. Kf2 f5 28. exf5 Rxe1 29. Kxe1 Nd5 30. Kf2 Ne7 31. g4 h5 32. h3 hxg4 33.
hxg4 Kf7 34. Ke3 g6 35. Kf4 gxf5 36. gxf5 Nd5+ 37. Ke5 Ke7 38. Nb7 Bb3 39. f6+
Nxf6 40. Bd8+ Ke8 41. Bxf6 Bxa4 42. Kd6 Kf7 43. Bd4 a6 44. Nd8+ Ke8 45. Nxc6
Bb5 46. Bf6 Be2 47. Bh4 Bb5 48. Kc7 Be2 49. Nb8 Bf1 50. Kb6 Be2 51. Nxa6 Kd7
52. Bg3 Ke6 53. b5 Bxb5 54. Kxb5 Kd5 55. Nb4+ Kd4 56. Bf2+ Ke5 57. Kc4 Ke4 58.
Bd4 Kf4 59. Kd5 Kf3 60. Ke5 Kg4 61. Be3 Kf3 62. Nd5 Kg4 63. Ke4 Kg3 64. Nf6 Kg2
65. Nh5 Kh3 66. Kf3 Kh2 67. Ng3 Kh3 68. Bg1 Kh4 69. Ne4 Kh3 70. Ng5+ Kh4 71.
Kf4 Kh5 72. Kf5 Kh4 73. Bf2+ Kh5 74. Bg3 Kh6 75. Ne6 Kh5 76. Ng7+ Kh6 77. Kf6
Kh7 78. Kf7 Kh6 79. Bf4+ Kh7 80. Nh5 Kh8 81. Bh6 Kh7 82. Bf8 Kh8 83. Bg7+ Kh7
84. Nf6# 1-0

[Event "4NCL/Div2a/OXF1 vs. ANGA"]
[Site "Sunningdale ENG"]
[Date "2009.01.17"]
[Round "5.4"]
[White "Player, Edmund C"]
[Black "Eckersley-Waites, Tom"]
[Result "1-0"]
[WhiteElo "2129"]
[BlackElo "2227"]
[PlyCount "71"]
[EventDate "2009.01.17"]
[SourceDate "2008.10.04"]

1. e4 c5 2. Nc3 Nc6 3. Bb5 Nd4 4. Bc4 e6 5. Nge2 Nf6 6. O-O a6 7. d3 b5 8. Bb3
Nxb3 9. axb3 Bb7 10. f4 d5 11. e5 d4 12. exf6 dxc3 13. f5 exf5 14. Rxf5 gxf6
15. bxc3 Qb6 16. Qf1 Be7 17. Be3 Rg8 18. Ng3 O-O-O 19. c4 Qc7 20. Qf2 Bd6 21.
Bf4 Bxf4 22. Rxf4 h5 23. Rf5 Rg5 24. Rxg5 fxg5 25. Qf5+ Kb8 26. Qxg5 bxc4 27.
bxc4 Qd6 28. Rb1 Qd4+ 29. Kh1 h4 30. Ne4 h3 31. Nxc5 f6 32. Qg3+ Ka8 33. Nxb7
Rb8 34. Qf3 hxg2+ 35. Qxg2 Ka7 36. c5 1-0

[Event "4NCL/Div2a/OXF1 vs. ANGA"]
[Site "Sunningdale ENG"]
[Date "2009.01.17"]
[Round "5.5"]
[White "Dickinson, Timothy R"]
[Black "Bucknell, Malcolm"]
[Result "1-0"]
[WhiteElo "2160"]
[BlackElo "2175"]
[PlyCount "69"]
[EventDate "2009.01.17"]
[SourceDate "2008.10.04"]

1. e4 c6 2. d4 d5 3. exd5 cxd5 4. Bf4 a6 5. c4 Nf6 6. Nc3 e6 7. c5 Bd7 8. b4
Ne4 9. Na4 Bxa4 10. Qxa4+ Nc6 11. Nf3 g5 12. Nxg5 Nxg5 13. Bxg5 Qxg5 14. b5 Bh6
15. Rd1 O-O 16. bxc6 bxc6 17. h4 Qg4 18. Rh3 Qe4+ 19. Be2 Kh8 20. Kf1 Rg8 21.
Bf3 Qf5 22. Qxc6 Rab8 23. Qxa6 Rb1 24. Qe2 Rgb8 25. g4 Qf4 26. Kg2 R1b2 27.
Qe5+ Qxe5 28. dxe5 Rxa2 29. g5 Bf8 30. Bh5 Bxc5 31. Rf3 Rbb2 32. Rf1 Bd4 33.
Bxf7 Bxe5 34. Bxe6 Ra4 35. Rf8+ 1-0

[Event "4NCL/Div2a/OXF1 vs. ANGA"]
[Site "Sunningdale ENG"]
[Date "2009.01.17"]
[Round "5.6"]
[White "Munson, Shaun D"]
[Black "Shaw, David A"]
[Result "1-0"]
[WhiteElo "2175"]
[BlackElo "2240"]
[PlyCount "57"]
[EventDate "2009.01.17"]
[SourceDate "2008.10.04"]

1. d4 e6 2. Nf3 d5 3. e3 Nf6 4. Bd3 c5 5. b3 Qc7 6. Bb2 Nc6 7. O-O Bd7 8. a3
cxd4 9. exd4 Bd6 10. Re1 O-O 11. Nbd2 Rac8 12. Ne5 Rfd8 13. Qf3 Be8 14. Qh3 Ne7
15. f4 Ng6 16. g3 Nd7 17. Ndf3 Ndf8 18. Ng5 Qe7 19. Nxg6 hxg6 20. Qg2 a6 21.
Qe2 Bc6 22. h4 Qc7 23. h5 gxh5 24. Qxh5 g6 25. Qh6 Bxf4 26. gxf4 Qxf4 27. Re2
f6 28. Nf7 Qg3+ 29. Rg2 1-0

[Event "4NCL/Div2a/OXF1 vs. ANGA"]
[Site "Sunningdale ENG"]
[Date "2009.01.17"]
[Round "5.7"]
[White "Rawlinson, Aidan"]
[Black "Gregory, Stephen J"]
[Result "1-0"]
[WhiteElo "2236"]
[BlackElo "2169"]
[PlyCount "55"]
[EventDate "2009.01.17"]
[SourceDate "2008.10.04"]

1. e4 d6 2. d4 Nf6 3. Nc3 g6 4. Be3 c6 5. Qd2 b5 6. Bd3 b4 7. Nce2 Qb6 8. h3
Ba6 9. Nf3 Bxd3 10. cxd3 Qb5 11. O-O Na6 12. a4 Qb7 13. Bh6 Kd7 14. Bf4 h6 15.
d5 c5 16. Rfe1 Bg7 17. Nc1 g5 18. Bg3 Nc7 19. Nb3 Nh5 20. Bh2 a5 21. Rac1 Qb6
22. d4 Na6 23. e5 Rac8 24. Qd3 Kd8 25. Qe4 Nf4 26. exd6 Qxd6 27. Nxa5 cxd4 28.
Nb7+ 1-0

[Event "4NCL/Div2a/OXF1 vs. ANGA"]
[Site "Sunningdale ENG"]
[Date "2009.01.17"]
[Round "5.8"]
[White "Merry, Alan B"]
[Black "Tidman, Sophie"]
[Result "1/2-1/2"]
[WhiteElo "1900"]
[BlackElo "2093"]
[PlyCount "75"]
[EventDate "2009.01.17"]
[SourceDate "2008.10.04"]

1. d4 e6 2. c4 Nf6 3. Nc3 Bb4 4. Qc2 O-O 5. e4 d6 6. Bd3 h6 7. Nge2 Nbd7 8. f3
c5 9. d5 Qc7 10. Bd2 a6 11. Nf4 Ne5 12. a3 Ba5 13. O-O b5 14. cxb5 c4 15. Be2
axb5 16. b4 Bb6+ 17. Kh1 Qd7 18. a4 bxa4 19. Nxa4 Bd4 20. Nb6 Bxb6 21. Rxa8 Qb7
22. Raa1 g5 23. Nh3 exd5 24. f4 gxf4 25. Bxf4 Nxe4 26. Bxe5 dxe5 27. Bf3 Bf5
28. Qc1 Kg7 29. Qe1 Bd4 30. Ra3 c3 31. Qh4 Qxb4 32. Ra6 Bg6 33. Bxe4 dxe4 34.
Nf2 e3 35. Ng4 h5 36. Nxe5 e2 37. Re1 c2 38. Nc6 1/2-1/2

[Event "4NCL/Div2a/PANDG vs. PPA1"]
[Site "Sunningdale ENG"]
[Date "2009.01.17"]
[Round "5.1"]
[White "Civin, Tomas"]
[Black "Posazhennikov, Alex"]
[Result "1-0"]
[WhiteElo "2421"]
[BlackElo "2253"]
[PlyCount "77"]
[EventDate "2009.01.17"]
[SourceDate "2008.10.04"]

1. d4 f5 2. c4 Nf6 3. Nf3 e6 4. g3 Be7 5. Bg2 d6 6. O-O O-O 7. b4 c6 8. Nbd2
Qc7 9. Bb2 Bd7 10. a3 d5 11. Ne5 Be8 12. f3 Bh5 13. Qc2 Nbd7 14. Rae1 a5 15.
Nd3 axb4 16. axb4 dxc4 17. Nxc4 Nd5 18. Qd2 b5 19. Ne3 N7b6 20. Nxd5 exd5 21.
e4 Nc4 22. Qc3 fxe4 23. fxe4 Rxf1+ 24. Kxf1 Bg5 25. Bc1 Bxc1 26. Qxc1 Rf8+ 27.
Kg1 dxe4 28. Bxe4 Qd6 29. Qc3 Rd8 30. Ne5 Qxd4+ 31. Qxd4 Rxd4 32. Bxc6 Nd6 33.
Ra1 Rd1+ 34. Rxd1 Bxd1 35. Kf2 Kf8 36. Ke3 Ke7 37. Kd4 Be2 38. Kc5 Kf6 39. Kxd6
1-0

[Event "4NCL/Div2a/PANDG vs. PPA1"]
[Site "Sunningdale ENG"]
[Date "2009.01.17"]
[Round "5.2"]
[White "Harley, Andrew"]
[Black "Burnett, Andrew"]
[Result "1/2-1/2"]
[WhiteElo "2212"]
[BlackElo "2202"]
[PlyCount "86"]
[EventDate "2009.01.17"]
[SourceDate "2008.10.04"]

1. e4 c5 2. c3 d6 3. d4 Nf6 4. Bd3 cxd4 5. cxd4 e5 6. Nf3 Bg4 7. d5 a6 8. O-O
Be7 9. Be3 O-O 10. h3 Bxf3 11. Qxf3 Nbd7 12. Nc3 Ne8 13. Qg3 g6 14. Bh6 Ng7 15.
Qg4 Kh8 16. g3 Nf6 17. Qe2 Nfh5 18. Qd2 f5 19. Kh2 f4 20. g4 Nf6 21. f3 Ng8 22.
Bxg7+ Kxg7 23. Rac1 Nf6 24. Ne2 Rh8 25. Qc3 Rc8 26. Qxc8 Qxc8 27. Rxc8 Rxc8 28.
Rc1 Rxc1 29. Nxc1 h5 30. Kg2 Bd8 31. Kf2 Bb6+ 32. Ke1 Kh6 33. Kf1 Kg5 34. Kg2
Nh7 35. Bf1 Kh4 36. Kh2 Ng5 37. Bg2 Bf2 38. gxh5 gxh5 39. Nd3 Bg3+ 40. Kg1
Nxh3+ 41. Kf1 Ng5 42. b4 Nf7 43. Nb2 Bh2 1/2-1/2

[Event "4NCL/Div2a/PANDG vs. PPA1"]
[Site "Sunningdale ENG"]
[Date "2009.01.17"]
[Round "5.3"]
[White "Walton, Alan J"]
[Black "Swanson, Stephen"]
[Result "0-1"]
[WhiteElo "2189"]
[BlackElo "2244"]
[PlyCount "90"]
[EventDate "2009.01.17"]
[SourceDate "2008.10.04"]

1. d4 g6 2. e4 Bg7 3. Nc3 d6 4. Be3 a6 5. Nf3 Nd7 6. Bd3 c5 7. O-O cxd4 8. Nxd4
Ngf6 9. h3 O-O 10. Qd2 Re8 11. Nb3 b6 12. Bh6 Bb7 13. Bxg7 Kxg7 14. Rfe1 Rc8
15. Rad1 e5 16. Bf1 Rc6 17. Qe3 Qa8 18. Rd2 Rec8 19. Red1 Qb8 20. f4 Rxc3 21.
bxc3 Nxe4 22. Rd3 d5 23. fxe5 Qxe5 24. Re1 Qf6 25. Qf3 Qe7 26. Qe3 f5 27. Nd2
Qc5 28. Nxe4 fxe4 29. Rd2 b5 30. c4 bxc4 31. Qxc5 Nxc5 32. Kf2 Kf6 33. Ke3 Ke5
34. Rb1 Bc6 35. Rb6 Ba4 36. c3 Bb5 37. Rf2 Na4 38. Rff6 Nxb6 39. Rxb6 Rd8 40.
a4 Bxa4 41. Rxa6 Bc2 42. Be2 Bd3 43. Bg4 Rd6 44. Ra7 h5 45. Bd1 Rb6 0-1

[Event "4NCL/Div2a/PANDG vs. PPA1"]
[Site "Sunningdale ENG"]
[Date "2009.01.17"]
[Round "5.4"]
[White "Byway, Paul"]
[Black "Cumbers, Paul"]
[Result "1/2-1/2"]
[WhiteElo "2167"]
[BlackElo "2189"]
[PlyCount "92"]
[EventDate "2009.01.17"]
[SourceDate "2008.10.04"]

1. Nf3 Nf6 2. c4 c5 3. Nc3 b6 4. e3 Bb7 5. d4 cxd4 6. exd4 e6 7. a3 d5 8. cxd5
Nxd5 9. Bb5+ Bc6 10. Qa4 Bxb5 11. Nxb5 Nd7 12. Ne5 a6 13. Nc3 b5 14. Qb3 N7b6
15. O-O f6 16. Nf3 Be7 17. a4 bxa4 18. Nxa4 Nxa4 19. Qxa4+ Kf7 20. Bd2 Qb6 21.
Rfe1 Rhb8 22. Ba5 Qb5 23. Qc2 g6 24. Qe4 Qc6 25. Re2 Rb5 26. Bc3 Rc8 27. Rae1
Nxc3 28. bxc3 Qxe4 29. Rxe4 Rb6 30. R4e3 Bf8 31. Rd3 Rb3 32. Rde3 Rb6 33. h4
Bh6 34. Rd3 a5 35. g4 Rb3 36. g5 Rcxc3 37. Rxc3 Rxc3 38. Kg2 fxg5 39. hxg5 Rxf3
40. Kxf3 Bxg5 41. Re5 Bd2 42. d5 exd5 43. Rxd5 Bb4 44. Rd7+ Kf6 45. Rxh7 Be7
46. Rh4 Bd6 1/2-1/2

[Event "4NCL/Div2a/PANDG vs. PPA1"]
[Site "Sunningdale ENG"]
[Date "2009.01.17"]
[Round "5.5"]
[White "Birtwhistle, Nigel"]
[Black "Rosen, Daniel B"]
[Result "1-0"]
[WhiteElo "2159"]
[BlackElo "2149"]
[PlyCount "61"]
[EventDate "2009.01.17"]
[SourceDate "2008.10.04"]

1. e4 d6 2. d4 g6 3. Nc3 Bg7 4. Nf3 Nf6 5. h3 Nc6 6. Be3 d5 7. e5 Ng8 8. Qd2 h5
9. a3 Nh6 10. Nh4 a6 11. g3 Nf5 12. Nxf5 Bxf5 13. Bg2 Be6 14. Na4 Nb8 15. Qb4
Bc8 16. O-O e6 17. c4 b5 18. cxb5 axb5 19. Nc5 c6 20. Qd2 Nd7 21. Nxd7 Qxd7 22.
Rfc1 Bb7 23. Bf1 Qd8 24. Bd3 Kd7 25. Qc2 Qb6 26. b4 Ra7 27. Bxg6 fxg6 28. Qxg6
Qd8 29. Qxg7+ Kc8 30. Rxc6+ Bxc6 31. Qxa7 1-0

[Event "4NCL/Div2a/PANDG vs. PPA1"]
[Site "Sunningdale ENG"]
[Date "2009.01.17"]
[Round "5.6"]
[White "Goodger, Martyn"]
[Black "Coates, David"]
[Result "1-0"]
[WhiteElo "2153"]
[BlackElo "2014"]
[PlyCount "65"]
[EventDate "2009.01.17"]
[SourceDate "2008.10.04"]

1. e4 c5 2. c3 Nf6 3. e5 Nd5 4. Bc4 Qc7 5. Nf3 Nb6 6. Bb3 Nc6 7. d4 e6 8. O-O
c4 9. Bc2 d6 10. Qe2 dxe5 11. dxe5 Be7 12. Nbd2 Nd8 13. a4 a5 14. Nd4 Bd7 15.
f4 Rc8 16. Ne4 Nd5 17. Kh1 g6 18. Bd2 O-O 19. Rf3 b6 20. Rh3 Nb7 21. Nf3 Nc5
22. Qxc4 Nxe4 23. Qxe4 Qc4 24. Nd4 Rfd8 25. Bb3 Qc5 26. f5 gxf5 27. Qe2 Bf8 28.
Qh5 Bg7 29. Qxh7+ Kf8 30. Bh6 Bxh6 31. Qxh6+ Ke8 32. Bxd5 exd5 33. Qh8+ 1-0

[Event "4NCL/Div2a/PANDG vs. PPA1"]
[Site "Sunningdale ENG"]
[Date "2009.01.17"]
[Round "5.7"]
[White "McCarthy, Kevin"]
[Black "Winfridsson, Ola"]
[Result "0-1"]
[WhiteElo "2070"]
[BlackElo "2127"]
[PlyCount "84"]
[EventDate "2009.01.17"]
[SourceDate "2008.10.04"]

1. d4 Nf6 2. Nf3 d5 3. Bf4 c5 4. e3 Nc6 5. c3 cxd4 6. exd4 g6 7. Nbd2 Bg7 8. h3
O-O 9. Bd3 a6 10. O-O Bf5 11. Qc2 Bxd3 12. Qxd3 Qb6 13. Ne5 Rac8 14. Rab1 Qa5
15. a3 Nh5 16. Bh2 Bxe5 17. dxe5 Rfd8 18. Nf3 Ng7 19. Rfe1 Ne6 20. Qe3 d4 21.
cxd4 Ncxd4 22. Nxd4 Rxd4 23. Red1 Rcd8 24. Rxd4 Rxd4 25. Bg3 Qd2 26. Qf3 Qc2
27. Re1 Qxb2 28. h4 h5 29. Re3 Qb1+ 30. Kh2 Rd1 31. Kh3 Rh1+ 32. Bh2 Qg1 33.
Qg3 Nd4 34. e6 Nxe6 35. Qe5 Qxf2 36. Rf3 Qd4 37. Qxd4 Nxd4 38. Rd3 Nf5 39. g3
Rb1 40. g4 hxg4+ 41. Kxg4 f6 42. Kh3 Kf7 0-1

[Event "4NCL/Div2a/PANDG vs. PPA1"]
[Site "Sunningdale ENG"]
[Date "2009.01.17"]
[Round "5.8"]
[White "Mountford, Corinne"]
[Black "Milson, Samuel"]
[Result "0-1"]
[WhiteElo "1650"]
[BlackElo "1955"]
[PlyCount "112"]
[EventDate "2009.01.17"]
[SourceDate "2008.10.04"]

1. d4 Nf6 2. Bf4 e6 3. e3 b6 4. Nf3 Bb7 5. Nbd2 d6 6. h3 Nbd7 7. Nc4 Be7 8. c3
O-O 9. Be2 Nd5 10. Bh2 f5 11. O-O Qe8 12. Nfd2 Bf6 13. e4 fxe4 14. Nxe4 Ne7 15.
Ncd2 e5 16. Nxf6+ Rxf6 17. Bf3 Bxf3 18. Nxf3 exd4 19. Nxd4 Nf5 20. Re1 Qf7 21.
Nf3 Nc5 22. b4 Ne6 23. Re2 Rg6 24. Qd5 Rf8 25. Rae1 Ng5 26. Qxf7+ Rxf7 27. Nxg5
Rxg5 28. g3 Nh4 29. Re8+ Rf8 30. R1e7 Re5 31. Rxf8+ Kxf8 32. Rxe5 Nf3+ 33. Kg2
Nxe5 34. f4 Nd3 35. Bg1 c5 36. b5 Ke7 37. Kf3 Ne1+ 38. Ke4 Nc2 39. Kd5 Na3 40.
c4 Kd7 41. Ke4 Nxc4 42. f5 Na3 43. g4 Nxb5 44. Kd3 d5 45. Bh2 g6 46. fxg6 hxg6
47. Bf4 Nd6 48. h4 Nf7 49. g5 Ke6 50. Bb8 Ne5+ 51. Kd2 Nc6 52. Bg3 Kf5 53. Be1
Nd4 54. Kd3 Kg4 55. Ke3 Nc2+ 56. Ke2 Nxe1 0-1

[Event "4NCL/Div2a/JUTK vs. WES2"]
[Site "Sunningdale ENG"]
[Date "2009.01.17"]
[Round "5.1"]
[White "Williams, Simon K"]
[Black "Jenks, Bruce"]
[Result "1-0"]
[WhiteElo "2507"]
[BlackElo "2134"]
[PlyCount "81"]
[EventDate "2009.01.17"]
[SourceDate "2008.10.04"]

1. d4 Nf6 2. c4 c5 3. d5 b5 4. Nf3 Bb7 5. a4 Qa5+ 6. Bd2 b4 7. Qc2 d6 8. e4 e5
9. Bd3 Nbd7 10. O-O Be7 11. Re1 h6 12. Bc1 g5 13. Nfd2 Nf8 14. Nb3 Qc7 15. a5
a6 16. N3d2 Bc8 17. Nf1 Ng6 18. Ne3 Bd7 19. Nd2 O-O-O 20. Ndf1 Nh4 21. Qd1 Kb8
22. Bc2 Rdg8 23. Ng3 h5 24. Bd2 g4 25. Ba4 Bc8 26. Bc6 Nh7 27. Nc2 Ng5 28. Nxb4
Ngf3+ 29. gxf3 Nxf3+ 30. Kf1 h4 31. Nf5 cxb4 32. Ra4 Bxf5 33. Rxb4+ Kc8 34. Rb7
g3 35. Rxc7+ Kxc7 36. Qxf3 Bh3+ 37. Kg1 Rh7 38. fxg3 hxg3 39. hxg3 Bh4 40. Kf2
Bg4 41. Qe3 1-0

[Event "4NCL/Div2a/JUTK vs. WES2"]
[Site "Sunningdale ENG"]
[Date "2009.01.17"]
[Round "5.2"]
[White "Gregory, Keith D"]
[Black "Harakis, Alexis"]
[Result "1/2-1/2"]
[WhiteElo "2060"]
[BlackElo "2253"]
[PlyCount "163"]
[EventDate "2009.01.17"]
[SourceDate "2008.10.04"]

1. Nf3 d5 2. c4 d4 3. e4 c5 4. d3 Nc6 5. Be2 e5 6. O-O Be7 7. Na3 a6 8. Ne1 Nf6
9. Bg5 Nd7 10. Bd2 Bd6 11. g3 Rb8 12. Ng2 b5 13. f4 O-O 14. f5 Be7 15. h4 bxc4
16. Nxc4 Nb6 17. b3 Nxc4 18. bxc4 a5 19. Rf2 Bd7 20. g4 f6 21. Ne1 g6 22. Bf3
Nb4 23. Bc1 Rb6 24. Rb2 Qc7 25. Qd2 Rfb8 26. Rab1 R8b7 27. Qg2 Nc6 28. Bd1 Nd8
29. Kf1 Qb8 30. Rxb6 Rxb6 31. Rxb6 Qxb6 32. Qb2 Qa7 33. Nc2 Nc6 34. Ne1 a4 35.
Nc2 Nb4 36. Ne1 Bc6 37. Bf3 Qa8 38. Ke2 h5 39. fxg6 hxg4 40. Bxg4 Bxe4 41. Be6+
Kg7 42. Qd2 Bxd3+ 43. Kd1 Qh8 44. Nxd3 Qxh4 45. Nxb4 cxb4 46. Bf7 b3 47. axb3
axb3 48. Qg2 e4 49. c5 Qh5+ 50. Qe2 Qxe2+ 51. Kxe2 Bxc5 52. Bxb3 Kxg6 53. Bc2
Kf5 54. Bh6 Ke5 55. Bg7 Be7 56. Bh6 f5 57. Bg7+ Bf6 58. Bf8 f4 59. Bb4 f3+ 60.
Kf1 d3 61. Bd1 Kf4 62. Bd2+ e3 63. Bc1 Ke4 64. Bxe3 Kxe3 65. Ba4 Bd4 66. Bd1 f2
67. Bb3 Kd2 68. Ba4 Kc1 69. Bb3 Kb2 70. Ba4 Kc3 71. Bd1 Kb4 72. Bg4 Be3 73. Bd1
Ka3 74. Bg4 d2 75. Bd1 Kb4 76. Ke2 Bd4 77. Bc2 Kc3 78. Ba4 Kb2 79. Bd1 Be3 80.
Ba4 Kc1 81. Bb3 Bd4 82. Ba4 1/2-1/2

[Event "4NCL/Div2a/JUTK vs. WES2"]
[Site "Sunningdale ENG"]
[Date "2009.01.17"]
[Round "5.3"]
[White "Mack, Andy"]
[Black "Marsh, Roger"]
[Result "1/2-1/2"]
[WhiteElo "2239"]
[BlackElo "2076"]
[PlyCount "39"]
[EventDate "2009.01.17"]
[SourceDate "2008.10.04"]

1. e4 g6 2. d4 Bg7 3. Nc3 c6 4. Be3 d5 5. Qd2 dxe4 6. Nxe4 Nd7 7. Nf3 Ndf6 8.
Nxf6+ Nxf6 9. Bc4 Ne4 10. Qe2 Nd6 11. Bd3 Bf5 12. O-O Bxd3 13. Qxd3 Nf5 14.
Rfe1 Nxe3 15. Qxe3 e6 16. Ne5 O-O 17. Rad1 Qc7 18. Rd3 Rad8 19. h3 Bxe5 20.
Qxe5 1/2-1/2

[Event "4NCL/Div2a/JUTK vs. WES2"]
[Site "Sunningdale ENG"]
[Date "2009.01.17"]
[Round "5.4"]
[White "Clark, Ian C"]
[Black "Naylor, John"]
[Result "1/2-1/2"]
[WhiteElo "2098"]
[BlackElo "2183"]
[PlyCount "43"]
[EventDate "2009.01.17"]
[SourceDate "2008.10.04"]

1. e4 e5 2. f4 exf4 3. Bc4 Nf6 4. Qf3 d5 5. exd5 Bd6 6. h3 Nbd7 7. d4 Nb6 8.
Bb5+ Bd7 9. Qe2+ Qe7 10. Bxd7+ Kxd7 11. Qxe7+ Kxe7 12. b3 c5 13. dxc6 bxc6 14.
Ne2 c5 15. Bxf4 Bxf4 16. Nxf4 cxd4 17. c4 dxc3 18. Nxc3 Rac8 19. Rc1 Rhd8 20.
O-O Kf8 21. a4 a5 22. Nfe2 1/2-1/2

[Event "4NCL/Div2a/JUTK vs. WES2"]
[Site "Sunningdale ENG"]
[Date "2009.01.17"]
[Round "5.5"]
[White "Donovan, Nigel"]
[Black "Krawczuk, Michael J"]
[Result "1-0"]
[WhiteElo "2087"]
[BlackElo "2045"]
[PlyCount "80"]
[EventDate "2009.01.17"]
[SourceDate "2008.10.04"]

1. e4 c5 2. Nf3 Nc6 3. Bb5 e6 4. O-O Nge7 5. b3 Nd4 6. Nxd4 cxd4 7. Bb2 a6 8.
Be2 Nc6 9. c3 Bc5 10. b4 Ba7 11. a4 Qf6 12. b5 Ne7 13. Bf3 Rb8 14. Qb3 e5 15.
Na3 O-O 16. Nc4 axb5 17. Qxb5 d6 18. Ba3 Bc5 19. Bxc5 dxc5 20. Qxc5 dxc3 21.
dxc3 Nc6 22. Rfd1 Be6 23. Rd6 Rfc8 24. Nb6 Rd8 25. Rad1 Rxd6 26. Rxd6 Qf4 27.
Rd1 Bb3 28. Re1 Qd2 29. Qe3 Qa2 30. Nd5 Qxa4 31. Qg5 Qa3 32. Nf6+ Kh8 33. Nh5
Qf8 34. Rb1 Be6 35. Ng3 f6 36. Qe3 Qe7 37. Be2 Qc7 38. Rd1 Rd8 39. Rxd8+ Qxd8
40. f3 Qa5 1-0

[Event "4NCL/Div2a/JUTK vs. WES2"]
[Site "Sunningdale ENG"]
[Date "2009.01.17"]
[Round "5.6"]
[White "Pleasants, Allan J"]
[Black "Rich, Mark"]
[Result "1/2-1/2"]
[WhiteElo "2080"]
[BlackElo "2147"]
[PlyCount "100"]
[EventDate "2009.01.17"]
[SourceDate "2008.10.04"]

1. e4 c5 2. Nf3 d6 3. d4 cxd4 4. Nxd4 Nf6 5. Nc3 a6 6. Bc4 e6 7. Bb3 Nbd7 8.
O-O Nc5 9. Bg5 Be7 10. Qf3 Qc7 11. Rad1 O-O 12. Rfe1 b5 13. a3 Bb7 14. Bxf6
Bxf6 15. Ba2 Qb6 16. Nde2 a5 17. Nf4 b4 18. Nh5 Be5 19. Nb1 bxa3 20. Nxa3 Ba6
21. Rb1 Rac8 22. Nc4 Bxc4 23. Bxc4 Nd7 24. b3 Qc5 25. Bd3 g6 26. Nf4 Bc3 27.
Rf1 Qg5 28. Ne2 Bg7 29. Qh3 Qc5 30. Rbd1 Rb8 31. Kh1 Rfc8 32. f4 f5 33. Bc4 Re8
34. Qd3 Rb6 35. exf5 gxf5 36. Nd4 Bxd4 37. Qxd4 d5 38. Qxc5 Nxc5 39. Bd3 Rb4
40. Ra1 Nxd3 41. cxd3 Rxb3 42. Rxa5 Rxd3 43. Ra7 Rd2 44. h3 Rf8 45. Re1 Rf6 46.
Re7 Rd4 47. R1xe6 Rxe6 48. Rxe6 Rxf4 49. Re5 d4 50. g3 Re4 1/2-1/2

[Event "4NCL/Div2a/JUTK vs. WES2"]
[Site "Sunningdale ENG"]
[Date "2009.01.17"]
[Round "5.7"]
[White "Rice, Chris"]
[Black "Tunks, Dominic"]
[Result "1/2-1/2"]
[WhiteElo "2120"]
[BlackElo "1989"]
[PlyCount "89"]
[EventDate "2009.01.17"]
[SourceDate "2008.10.04"]

1. c4 e6 2. g3 Nf6 3. Bg2 d5 4. Nf3 c6 5. b3 Nbd7 6. Bb2 Bd6 7. d4 O-O 8. Nbd2
Qe7 9. Ne5 Rd8 10. Qc2 Nf8 11. O-O Ba3 12. Rfe1 Bxb2 13. Qxb2 Bd7 14. b4 Be8
15. a4 N6d7 16. Nd3 f6 17. e4 dxc4 18. Nxc4 b5 19. axb5 cxb5 20. Ne3 Nb6 21. d5
Rab8 22. Nc5 Na4 23. Qb3 Bf7 24. Rac1 a5 25. dxe6 Nxe6 26. Nd5 Qf8 27. Nxe6
Bxe6 28. bxa5 Nc5 29. Qe3 Bxd5 30. exd5 Re8 31. Qc3 Rxe1+ 32. Rxe1 b4 33. Qc4
Qd6 34. Rb1 b3 35. a6 Qb6 36. Bf1 b2 37. Qa2 Ne4 38. d6+ Kf8 39. a7 Qxf2+ 40.
Kh1 Ra8 41. d7 Qf3+ 42. Bg2 Nf2+ 43. Kg1 Qe3 44. Bxa8 Ne4+ 45. Kh1 1/2-1/2

[Event "4NCL/Div2a/JUTK vs. WES2"]
[Site "Sunningdale ENG"]
[Date "2009.01.17"]
[Round "5.8"]
[White "Norman, Dinah"]
[Black "Wilson, Alexandra"]
[Result "0-1"]
[WhiteElo "1956"]
[BlackElo "2039"]
[PlyCount "114"]
[EventDate "2009.01.17"]
[SourceDate "2008.10.04"]

1. d4 Nf6 2. Nf3 g6 3. Bf4 Bg7 4. e3 d5 5. h3 c5 6. c3 Nc6 7. Be2 O-O 8. O-O
Re8 9. Nbd2 b6 10. Ne5 Nxe5 11. Bxe5 Bd7 12. a4 Bc6 13. Nf3 Nd7 14. Bxg7 Kxg7
15. Re1 e6 16. Bf1 Qf6 17. a5 e5 18. Qd2 e4 19. Nh2 Qg5 20. b4 c4 21. axb6 axb6
22. Qb2 Ba4 23. Be2 b5 24. Bd1 Nb6 25. Nf1 f5 26. Bxa4 Nxa4 27. Qd2 Rf8 28. Ra3
Qh4 29. Rea1 g5 30. Rc1 Rf6 31. Qe2 Raf8 32. Ng3 Rh6 33. Qd1 f4 34. Nh1 f3 35.
Qf1 g4 36. Kh2 fxg2 37. Qxg2 Qxh3+ 38. Qxh3 Rxh3+ 39. Kg2 Rhf3 40. Rc2 h5 41.
Ng3 Kg6 42. Re2 h4 43. Nh1 Kh5 44. Kh2 Ra8 45. Re1 Rff8 46. Kg2 Nb6 47. Rea1
Ra4 48. Rxa4 bxa4 49. Ra3 Ra8 50. Kf1 Nc8 51. Ke2 Nd6 52. Kd2 Nb5 53. Ra1 a3
54. Kc2 Rf8 55. Kd2 Rf3 56. Rg1 Rh3 57. Kc2 Rh2 0-1

[Event "4NCL/Div2a/BRJ vs. BARY"]
[Site "Sunningdale ENG"]
[Date "2009.01.17"]
[Round "5.1"]
[White "Richmond, Peter A"]
[Black "Coleman, David"]
[Result "0-1"]
[WhiteElo "2253"]
[BlackElo "2208"]
[PlyCount "60"]
[EventDate "2009.01.17"]
[SourceDate "2008.10.04"]

1. d4 Nf6 2. Nc3 d5 3. Bg5 Nbd7 4. e3 h6 5. Bh4 e6 6. Nf3 Be7 7. Bd3 c5 8. O-O
a6 9. Re1 Qb6 10. Rb1 c4 11. Bf1 Bb4 12. Ne5 Nxe5 13. dxe5 Nd7 14. e4 d4 15.
Na4 Qc6 16. c3 dxc3 17. Nxc3 b5 18. f4 Bb7 19. Rc1 g5 20. fxg5 hxg5 21. Bxg5
Qc5+ 22. Be3 Qxe5 23. g3 Bxc3 24. Rxc3 Qxe4 25. Re2 Qh1+ 26. Kf2 Ne5 27. Bd4
Rxh2+ 28. Ke1 Rxe2+ 29. Qxe2 Nf3+ 30. Rxf3 Qxf3 0-1

[Event "4NCL/Div2a/BRJ vs. BARY"]
[Site "Sunningdale ENG"]
[Date "2009.01.17"]
[Round "5.2"]
[White "Hodgson, John H"]
[Black "Girdlestone, Paul"]
[Result "0-1"]
[WhiteElo "2193"]
[BlackElo "2127"]
[PlyCount "64"]
[EventDate "2009.01.17"]
[SourceDate "2008.10.04"]

1. e4 e5 2. Nf3 Nc6 3. Bb5 a6 4. Ba4 d6 5. O-O Bd7 6. d4 Nf6 7. c3 Be7 8. Nbd2
O-O 9. Re1 Re8 10. Nf1 exd4 11. cxd4 d5 12. exd5 Nxd5 13. h3 Bf6 14. Rxe8+ Qxe8
15. Bg5 Qe7 16. Bxf6 Qxf6 17. Ng3 Rd8 18. Rc1 Nf4 19. Rc3 h5 20. Bc2 Be6 21.
Ne4 Qh6 22. Re3 Bd5 23. Bb1 Ne6 24. Qc2 f5 25. Nc5 Ncxd4 26. Nxd4 Nxd4 27. Qa4
Qg5 28. Rg3 Ne2+ 29. Kh2 Nxg3 30. fxg3 Qd2 31. Qc2 Bc6 32. Nd3 Rxd3 0-1